Research method for political science: (Record no. 160425)

MARC details
000 -LEADER
fixed length control field 00550nam a22001697a 4500
005 - DATE AND TIME OF LATEST TRANSACTION
control field 20190129121709.0
010 ## - LCCN (DPL NO)
LC control number B-182208
020 ## - INTERNATIONAL STANDARD BOOK NUMBER
International Standard Book Number 8120326938
Terms of availability 325.00
035 ## - SYSTEM CONTROL NUMBER
System control number B-182208
037 ## - SOURCE OF ACQUISITION
Source of stock number/acquisition Prentic-Hall of India Pvt. Ltd.
082 ## - DEWEY DECIMAL CLASSIFICATION NUMBER
Classification number 320.072
100 ## - MAIN ENTRY--PERSONAL NAME
Personal name McNabb, David E.
245 ## - TITLE STATEMENT
Title Research method for political science:
Remainder of title Qualitative and quantative methods /
Statement of responsibility, etc David E. Mcnabb
260 ## - PUBLICATION, DISTRIBUTION, ETC. (IMPRINT)
Place of publication, distribution, etc New Delhi
Name of publisher, distributor, etc Prentic-Hall of India Private Limited.
Date of publication, distribution, etc 2005
300 ## - PHYSICAL DESCRIPTION
Extent 570p.
Dimensions 24cm(pbk)
942 ## - ADDED ENTRY ELEMENTS (KOHA)
Source of classification or shelving scheme Dewey Decimal Classification
Item type English Books
Classification part 320.072
Call number suffix MCN
Holdings
Withdrawn status Lost status Not for loan Collection code Home library Current library Date acquired Full call number Barcode Koha item type
      Non-fiction Sarojini Nagar Sarojini Nagar 29/01/2019 320.072 MCN B-182208 English Books

© Delhi Public Library
Hit Counter
free hit counter